000 01322nam2a22002651 4500
001 RU\NLR\INFOCOMM20\1000011431
005 20250617071752.0
035 _a(NLR Aleph) 002546850
090 _a2984303
_c2984303
100 _a20040518d1977 |||y0rusy50 ca
101 0 _arus
102 _aRU
105 _ay |||||||||
200 1 _aТруды семинара "Новые методы спутниковой геодезии". Ленинград 24-30 нояб. 1975 г.
210 _d1977
_aБ. м.
225 1 _aКосмическая физика
_hСекция 6
_iИнтеркосмос
309 _aНа обл. дата: 1978
461 0 _1001RU\NLR\INFOCOMM20\1000011415
_12001#$aНаблюдения искусственных небесных тел$eПубл. науч. результатов сотрудничества "Интеркосмос"$fАстрон. совет АН СССР$v№15, Ч.2
_92984175
_cМ.
_d1963-
_fАстрон. совет АН СССР
_oПубл. науч. результатов сотрудничества "Интеркосмос"
_tНаблюдения искусственных небесных тел
_v№15, Ч.2
801 1 _aRU
_bInfoComm
_c20040518
801 0 _aRU
_bNLR
_gPSBO
852 _aNLR
_jП8/605
942 _cISSUE
980 _aNB
980 _aRUSPER